书目信息 |
| 题名: |
幽默大观
|
|
| 作者: | 周道〓 编注 | |
| 分册: | ||
| 出版信息: | 武汉 华中科技大学出版社 1985 |
|
| 页数: | 391页 | |
| 开本: | 19cm | |
| 丛书名: | ||
| 单 册: | ||
| 中图分类: | I17 , H319.4 | |
| 科图分类: | ||
| 主题词: | 笑话--世界--选集 | |
| 电子资源: | ||
| ISBN: | 7-5609-0034-8 | |
| 000 | 00692nam0 2200265 45 | |
| 001 | 0185004317 | |
| 005 | 20040510164527.9 | |
| 010 | @a7-5609-0034-8@dCNY2.95 | |
| 091 | @a925-036 | |
| 100 | @a19901105d1985 em y0chiy0121 ea | |
| 101 | 1 | @achi@cmul |
| 102 | @aCN@b340000 | |
| 105 | @ay z 000dy | |
| 106 | @ar | |
| 200 | 10 | @a幽默大观@Ayou mo da guan@f周道〓编注@FZhou Dao〓Bian Zhu |
| 210 | @a武汉@c华中科技大学出版社@d1985 | |
| 215 | @a391页@d19cm | |
| 300 | @a〓=火昆(右) | |
| 606 | @a笑话@y世界@x选集 | |
| 690 | @aI17@v3 | |
| 690 | @aH319.4 | |
| 701 | 0 | @a周道〓@4编注 |
| 801 | 0 | @aCN@b深圳图书馆@c20040510 |
| 801 | 2 | @aCN@bNLC@c20040510 |
| 905 | @f1@b204770@dH319.4@e369 | |
| 幽默大观/周道〓编注.-武汉:华中科技大学出版社,1985 |
| 391页;19cm |
| 〓=火昆(右) |
| ISBN 7-5609-0034-8:CNY2.95 |
| ● |
| 相关链接 |
|
|
|
|
正题名:幽默大观
索取号:H319.4/369
 
预约/预借
| 序号 | 登录号 | 条形码 | 馆藏地/架位号 | 状态 | 备注 |
| 1 | 0204770 | 001089342 | 第四借阅区/ [索取号:H319.4/369] | 在馆 | |
| 2 | 0204771 | 001089351 | 第二样本阅览室/ [索取号:H319.4/369] | 在馆 |